| 000 | 00587nam a2200205Ia 4500 | ||
|---|---|---|---|
| 003 | IN-BaIIA | ||
| 005 | 20260116095839.0 | ||
| 008 | 211028s9999 xx 000 0 eng d | ||
| 020 | _a0-85229-525-1 | ||
| 040 | _cIIA Library | ||
| 080 |
_a058:5 _bYEA-91 |
||
| 110 |
_aEncyclopedia Britannica _910946 |
||
| 245 | 0 |
_aYearbook of science and the future 1991 _cEncyclopedia Britannica |
|
| 260 |
_aChicago _bEncyclopaedia Britannica _c1990 |
||
| 300 | _a510p | ||
| 650 | _aNASA Thesaurus | ||
| 650 |
_aScience-Yearbooks _913503 |
||
| 650 |
_aYearbooks-Science _99566 |
||
| 942 |
_cBK _2ddc |
||
| 999 |
_c10112 _d10112 |
||